Taylor Swift Lyrics Quiz - Statistics

General Stats
  • This quiz has been taken 60 times
  • The average score is 13 of 20
Answer Stats
Question Answer % Correct
I was riding ....... with my hair undone in the front seat of his car shotgun
88%
You drew ..... around my scars stars
86%
I walked through the door with you, the ... was cold air
84%
The ..... weren't funny, I took the money jokes
84%
I take this ........ force of a man to be my Lover magnetic
84%
When you started ...... baby I did too crying
78%
I don't know how it gets ...... than this better
76%
You got that James Dean ........ look in your eye daydream
76%
But I miss ......... and fighting and kissing in the rain screaming
76%
I'll be the ....... staring in your bad dreams actress
75%
I'm ..... in the back of the car drunk
75%
So this is me .......... my pride standing in front of you swallowing
71%
I gave you all my best me's , my ....... empathy endless
61%
Where's that man who threw ........ over my barbed wire blankets
53%
Every dead-end street led you ....... to me straight
53%
I don't belong, and my ....... neither do you beloved
45%
I thought I had you figured out, Can't ....... whenever you're gone breathe
45%
Flying in a ..... Stars by the pocketful dream
33%
I want him ..... my soul bless
27%
Wait for the ...... and I'll meet you after dark singal
6%
No matching quizzes found
Score Distribution
Percent of People with Each Score
Percentile by Number Answered
Your Score History
You have not taken this quiz